Najbardziej utytułowany klub piłkarski z każdego europejskiego kraju - Statystyki

Ogólne statystyki
  • Ten quiz został rozwiązany 61 razy
  • Średni wynik to 16 z 46
Statystyki odpowiedzi
Państwo Liczba Mistrzostw Klub % Poprawnych
Hiszpania 36 Real Madryt
89%
Polska 15 Legia Warszawa
87%
Anglia 13 Manchester United
83%
Holandia 29 AFC Ajax
81%
Niemcy 32 Bayern Monachium
77%
Francja 12 Paris Saint-Germain
77%
Włochy 36 Juventus F.C.
70%
Portugalia 38 SL Benfica
68%
Czechy 14 Sparta Praga
64%
Chorwacja 25 Dinamo Zagrzeb
62%
Ukraina 16 Dynamo Kijów
60%
Belgia 34 RSC Anderlecht
55%
Dania 15 FC Kobenhavn
53%
Turcja 24 Galatasaray SK
47%
Szkocja 55 Rangers
45%
Bułgaria 31 CSKA Sofia
43%
Rumunia 27 Steaua Bukareszt
43%
Szwecja 24 Malmo FF
40%
Białoruś 15 BATE Borysów
38%
Austria 17 Red Bull Salzburg
38%
Serbia 10 Crvena Zvezda Belgrad
32%
Finlandia 17 HJK Helsinki
32%
Grecja 47 Olympiakos SFP
32%
Rosja 10 Spartak Moskwa
32%
Słowacja 14 Slovan Bratysława
30%
Kazachstan 7 FK Astana
26%
Słowenia 16 NK Maribor
19%
Norwegia 26 Rosenborg BK
19%
Litwa 11 Zalgiris Wilno
17%
Mołdawia 21 Sheriff Tyraspol
15%
Irlandia 21 Shamrock Rovers
13%
Estonia 15 Flora Tallinn
11%
Łotwa 14 Skonto Ryga
11%
Walia 15 The New Saints F.C.
11%
Macedonia Północna 11 Wardar Skopje
9%
Węgry 35 Ferencvarosi TC
6%
Irlandia Północna 56 Linfield
6%
Bośnia i Hercegowina 8 Zrinjski Mostar
6%
Czarnogóra 6 Buducnost Podgorica
4%
Andora 13 FC Santa Coloma
4%
Szwajcaria 27 Grasshopper Zurych
4%
Luksemburg 28 Jeunesse Esch
0%
Albania 26 KF Tirana
0%
Islandia 27 Reykjavíkur
0%
Malta 26 Sliema Wanderers F.C.
0%
San Marino 8 SP Tre Fiori
0%
Nie znaleziono quizów pasujących do podanych kryteriów
Rozkład punktacji
Procent ludzi z każdym wynikiem
Percentyl według liczby udzielonych odpowiedzi
Twoja historia wyników
Nie rozwiązałeś tego quizu